[Event "GER Cup Net V4 U2400"]
[Site "Playchess.com INT"]
[Date "2020.05.31"]
[Round "4"]
[White "Lutter, Maximilian"]
[Black "Zimmermann, Rene"]
[Result "0-1"]
[WhiteElo "1811"]
[BlackElo "2035"]
[PlyCount "68"]
[EventDate "2020.05.31"]
[EventType "swiss (blitz)"]
[EventRounds "9"]
[EventCountry "GER"]
[SourceTitle "EXT 2021"]
[Source "ChessBase"]
[SourceDate "2020.10.23"]
[SourceVersion "1"]
[SourceVersionDate "2020.10.23"]
[SourceQuality "1"]

1. e4 e6 2. d4 d5 3. Nc3 Bb4 4. e5 c5 5. a3 Bxc3+ 6. bxc3 Qa5 7. Bd2 Qa4 8. Nf3 Nc6 9. Qb1 c4 10. h4 Nge7 11. h5 h6 12. Be2 Bd7 13. Qd1 0-0-0 14. 0-0 Kb8 15. Nh2 Rdf8 16. f4 g6 17. Nf3 Nf5 18. g4 Ng3 19. Rf2 gxh5 20. gxh5 Nxh5 21. f5 Rfg8+ 22. Kh2 Ng3 23. Rg2 Nxe2 24. Rxe2 exf5 25. Rb1 Rg4 26. Rg2 Rhg8 27. Rxg4 fxg4 28. Nh4 h5 29. e6 Bxe6 30. Bf4+ Ka8 31. Qe2 Qxa3 32. Re1 Qxc3 33. Nf5 Nxd4 34. Qe5 Qxc2+ 0-1

[Event "GER Cup Net V2 U2400"]
[Site "Playchess.com INT"]
[Date "2020.05.22"]
[Round "4"]
[White "Lutter, Maximilian"]
[Black "Wronn, Bernd"]
[Result "0-1"]
[WhiteElo "1844"]
[BlackElo "1977"]
[PlyCount "86"]
[EventDate "2020.05.22"]
[EventType "swiss (blitz)"]
[EventRounds "9"]
[EventCountry "GER"]
[SourceTitle "EXT 2021"]
[Source "ChessBase"]
[SourceDate "2020.10.23"]
[SourceVersion "1"]
[SourceVersionDate "2020.10.23"]
[SourceQuality "1"]

1. d4 d5 2. c4 e6 3. Nc3 Nf6 4. cxd5 exd5 5. Bg5 c6 6. Qc2 Be7 7. e3 0-0 8. Bd3 Nbd7 9. Nf3 Re8 10. h3 Nf8 11. 0-0 Be6 12. Ne5 Ng6 13. f4 Nf8 14. Ne2 h6 15. Bh4 Nh5 16. Bxe7 Qxe7 17. f5 Bc8 18. Nf4 Nxf4 19. Rxf4 f6 20. Ng4 h5 21. Nh2 Qxe3+ 22. Qf2 Qxd3 23. Qh4 Qe3+ 24. Kh1 Re4 25. Raf1 Qxd4 26. Rxe4 Qxe4 27. Qxh5 Bd7 28. Ng4 Be8 29. Qh4 Bf7 30. Qg3 Nh7 31. Re1 Qb4 32. Nh6+ Kf8 33. Nxf7 Kxf7 34. Qc7+ Kg8 35. Re7 Kh8 36. Rxg7 Qe1+ 37. Kh2 Qe5+ 38. Qxe5 fxe5 39. Rxb7 e4 40. Kg3 Re8 41. Kf4 e3 42. Re7 Rxe7 43. f6 Nxf6 0-1

[Event "GER-ch Net Amateur Gr-A Vor3"]
[Site "Playchess.com INT"]
[Date "2020.04.16"]
[Round "5"]
[White "Englert, Jon"]
[Black "Lutter, Maximilian"]
[Result "1-0"]
[WhiteElo "1620"]
[BlackElo "1910"]
[PlyCount "129"]
[EventDate "2020.04.16"]
[EventType "swiss (blitz)"]
[EventRounds "9"]
[EventCountry "GER"]
[SourceTitle "CBM 195 Extra"]
[Source "ChessBase"]
[SourceDate "2020.05.31"]
[SourceVersion "1"]
[SourceVersionDate "2020.05.31"]
[SourceQuality "1"]

1. d4 d5 2. c4 e6 3. Nf3 Nf6 4. g3 Bb4+ 5. Bd2 Bxd2+ 6. Nbxd2 0-0 7. Bg2 b6 8. 0-0 Bb7 9. Ne5 Nbd7 10. Qa4 c5 11. Nxd7 Qxd7 12. Qxd7 Nxd7 13. cxd5 Bxd5 14. Bxd5 exd5 15. Nf3 c4 16. Rac1 f6 17. Rfe1 Rfe8 18. e3 b5 19. Nd2 f5 20. f3 Nf6 21. Kf2 Re6 22. h3 g5 23. Re2 Rae8 24. Rce1 Kg7 25. g4 fxg4 26. hxg4 Kg6 27. Nf1 Rf8 28. Kg2 h5 29. gxh5+ Nxh5 30. Ng3 Nf6 31. e4 g4 32. fxg4 dxe4 33. Nxe4 Rfe8 34. Nc3 Rxe2+ 35. Rxe2 Rxe2+ 36. Nxe2 Nxg4 37. Kf3 Nf6 38. Kf4 Nd5+ 39. Ke5 Nb4 40. a3 Nd3+ 41. Kd5 Nxb2 42. Kc5 a6 43. d5 Kf6 44. d6 Ke6 45. Kc6 Nd3 46. Nd4+ Kf7 47. d7 Ne5+ 48. Kc7 Nxd7 49. Kxd7 a5 50. Nxb5 Kf6 51. Kd6 Kf7 52. Kd5 Ke7 53. Kxc4 Kd7 54. Kc5 Kc8 55. Kb6 a4 56. Ka7 Kd7 57. Kb6 Kc8 58. Nc3 Kb8 59. Nxa4 Ka8 60. Nc3 Kb8 61. Nb5 Ka8 62. a4 Kb8 63. a5 Ka8 64. a6 Kb8 65. a7+ 1-0

[Event "GER-ch Net Amateur Gr-A Vor2"]
[Site "Playchess.com INT"]
[Date "2020.04.15"]
[Round "1"]
[White "Gutheil, Heinrich"]
[Black "Lutter, Maximilian"]
[Result "1-0"]
[WhiteElo "2177"]
[BlackElo "1876"]
[PlyCount "57"]
[EventDate "2020.04.15"]
[EventType "swiss (blitz)"]
[EventRounds "9"]
[EventCountry "GER"]
[SourceTitle "CBM 196 Extra"]
[Source "ChessBase"]
[SourceDate "2020.07.31"]
[SourceVersion "1"]
[SourceVersionDate "2020.07.31"]
[SourceQuality "1"]

1. e4 e5 2. Nc3 Nf6 3. g3 Bb4 4. Nge2 d5 5. exd5 Nxd5 6. Bg2 Nxc3 7. bxc3 Bd6 8. 0-0 0-0 9. d4 Nc6 10. Rb1 Qf6 11. f4 exd4 12. cxd4 Bg4 13. c3 Rfe8 14. Bf3 Bxf3 15. Rxf3 b6 16. f5 Ne7 17. Bf4 Nd5 18. Bxd6 Qxd6 19. Qd3 Rxe2 20. Qxe2 Nxc3 21. Rxc3 Qxd4+ 22. Qe3 Qg4 23. Re1 h6 24. f6 g5 25. Rxc7 Rd8 26. Re7 Rd6 27. Rxa7 Re6 28. Ra8+ Kh7 29. Qd3+ 1-0

[Event "GER-ch Net Amateur Gr-A Vor2"]
[Site "Playchess.com INT"]
[Date "2020.04.15"]
[Round "3"]
[White "Lutter, Maximilian"]
[Black "Boder, Jan"]
[Result "0-1"]
[WhiteElo "1877"]
[BlackElo "1932"]
[PlyCount "50"]
[EventDate "2020.04.15"]
[EventType "swiss (blitz)"]
[EventRounds "9"]
[EventCountry "GER"]
[SourceTitle "CBM 196 Extra"]
[Source "ChessBase"]
[SourceDate "2020.07.31"]
[SourceVersion "1"]
[SourceVersionDate "2020.07.31"]
[SourceQuality "1"]

1. e4 c5 2. Nf3 g6 3. g3 Bg7 4. Bg2 Nc6 5. d3 d6 6. 0-0 Nf6 7. c3 0-0 8. Nbd2 Rb8 9. a4 a6 10. Qe2 b5 11. axb5 axb5 12. Re1 Nd7 13. h4 b4 14. Nb1 bxc3 15. bxc3 Nde5 16. h5 Nxf3+ 17. Bxf3 Ne5 18. Bg2 Bg4 19. f3 Be6 20. d4 cxd4 21. cxd4 Bc4 22. Qc2 Bb3 23. Qf2 Nd3 24. Qe3 Nxe1 25. Bf1 Nc2 0-1

[Event "GER-ch Net Amateur Gr-A Vor1"]
[Site "Playchess.com INT"]
[Date "2020.04.14"]
[Round "7"]
[White "Kreigenfeld, Sven"]
[Black "Lutter, Maximilian"]
[Result "0-1"]
[WhiteElo "1743"]
[BlackElo "1853"]
[PlyCount "110"]
[EventDate "2020.04.14"]
[EventType "swiss (blitz)"]
[EventRounds "9"]
[EventCountry "GER"]
[SourceTitle "EXT 2021"]
[Source "ChessBase"]
[SourceDate "2020.10.23"]
[SourceVersion "1"]
[SourceVersionDate "2020.10.23"]
[SourceQuality "1"]

1. e4 e5 2. Nf3 Nc6 3. Bb5 a6 4. Ba4 Nf6 5. 0-0 Be7 6. Re1 b5 7. Bb3 d6 8. c3 0-0 9. h3 Nb8 10. d4 Nbd7 11. Nbd2 Bb7 12. Bc2 Re8 13. Nf1 Bf8 14. Ng3 g6 15. Bg5 Bg7 16. Qd2 c6 17. Rad1 Qc7 18. Bh6 Rad8 19. h4 c5 20. d5 Bc8 21. h5 Nf8 22. Qg5 Bxh6 23. Qxh6 Ng4 24. Qg5 f6 25. Qc1 Kg7 26. Nh2 Nxh2 27. Kxh2 Bg4 28. f3 Bxh5 29. Nxh5+ gxh5 30. Rh1 Ng6 31. g4 h4 32. Rdg1 Rg8 33. g5 Qe7 34. Rg4 Rdf8 35. gxf6+ Qxf6 36. Rf1 Kf7 37. a4 Nf4 38. Rfg1 Rxg4 39. Rxg4 Rg8 40. Rxg8 Kxg8 41. axb5 axb5 42. Qf1 Qg5 43. Qf2 Kg7 44. Bb1 h5 45. Bc2 Kf6 46. b4 cxb4 47. cxb4 h3 48. Bb1 Qg2+ 49. Qxg2 hxg2 50. Bc2 h4 51. Bd1 h3 52. Bc2 Kg5 53. Bd1 Kh4 54. Bc2 Ne2 55. Bd3 g1Q# 0-1

[Event "GER-ch Net Amateur Gr-A Vor1"]
[Site "Playchess.com INT"]
[Date "2020.04.14"]
[Round "9"]
[White "Lutter, Maximilian"]
[Black "Blauhut, Holger"]
[Result "0-1"]
[WhiteElo "1888"]
[BlackElo "2012"]
[PlyCount "86"]
[EventDate "2020.04.14"]
[EventType "swiss (blitz)"]
[EventRounds "9"]
[EventCountry "GER"]
[SourceTitle "EXT 2021"]
[Source "ChessBase"]
[SourceDate "2020.10.23"]
[SourceVersion "1"]
[SourceVersionDate "2020.10.23"]
[SourceQuality "1"]

1. d4 d5 2. c4 e6 3. Nc3 Be7 4. cxd5 exd5 5. Bf4 c6 6. Qc2 Bd6 7. Bg3 Ne7 8. Nf3 Bxg3 9. hxg3 h6 10. e3 Bf5 11. Bd3 Bxd3 12. Qxd3 Nd7 13. 0-0-0 Qa5 14. Kb1 Nb6 15. e4 0-0 16. e5 Nc4 17. Ng5 Ng6 18. Nxf7 Rxf7 19. Qxg6 Nxb2 20. Rxh6 Nxd1 21. Nxd1 Qb4+ 22. Nb2 Qe1+ 23. Kc2 Rxf2+ 24. Kb3 Qe3+ 25. Nd3 Qxh6 26. Qxh6 gxh6 27. Nxf2 Kf7 28. Ng4 h5 29. Nf6 Kg6 30. Kb4 b6 31. g4 h4 32. Nh5 Kg5 33. Ng7 Rg8 34. Nf5 Rf8 35. Ne7 Kxg4 36. Ng6 Re8 37. a4 Kg3 38. a5 Re6 39. Nf8 Rh6 40. Nd7 bxa5+ 41. Kxa5 Kxg2 42. e6 Rxe6 43. Nc5 Re7 0-1

[Event "GER-ch Net Amateur Gr-A Vor1"]
[Site "Playchess.com INT"]
[Date "2020.04.14"]
[Round "2"]
[White "Thomas, Ingo"]
[Black "Lutter, Maximilian"]
[Result "1-0"]
[WhiteElo "1620"]
[BlackElo "1862"]
[PlyCount "93"]
[EventDate "2020.04.14"]
[EventType "swiss (blitz)"]
[EventRounds "9"]
[EventCountry "GER"]
[SourceTitle "EXT 2021"]
[Source "ChessBase"]
[SourceDate "2020.10.23"]
[SourceVersion "1"]
[SourceVersionDate "2020.10.23"]
[SourceQuality "1"]

1. e4 e5 2. Nf3 Nc6 3. Bc4 Bc5 4. c3 Nf6 5. d3 d6 6. h3 a6 7. Nbd2 Ba7 8. Bb3 0-0 9. Nf1 Ne7 10. Ng3 Ng6 11. Qe2 Qe7 12. 0-0 Be6 13. Bc2 h6 14. Nh2 c6 15. Ng4 Rad8 16. Nf5 Bxf5 17. exf5 Nh4 18. Nxh6+ gxh6 19. Bxh6 Nxf5 20. Bxf8 Rxf8 21. d4 e4 22. Rae1 d5 23. f3 Ng3 24. Qe3 Nxf1 25. Qg5+ Kh8 26. Qh4+ Kg7 27. Qg5+ Kh7 28. Qh4+ Kg7 29. Qg5+ Kh8 30. Qh4+ Kg8 31. Qg5+ Kh7 32. Qh4+ Kg6 33. fxe4 dxe4 34. Bxe4+ Nxe4 35. Qxe7 Kg7 36. Qxe4 Ng3 37. Qg4+ Kf6 38. Qxg3 Bb8 39. Qh4+ Kg7 40. Re4 f6 41. Rg4+ Kf7 42. Qh7+ Ke6 43. Re4+ Kd5 44. Qf5+ Kc4 45. Qc5+ Kd3 46. Re1 f5 47. Qxf8 1-0

[Event "GER-ch Net blitz qual4"]
[Site "Playchess.com INT"]
[Date "2020.03.23"]
[Round "5"]
[White "Koeller, Bernd"]
[Black "Lutter, Maximilian"]
[Result "0-1"]
[WhiteElo "1758"]
[BlackElo "1950"]
[PlyCount "72"]
[EventDate "2020.03.23"]
[EventType "swiss (blitz)"]
[EventRounds "9"]
[EventCountry "GER"]
[SourceTitle "CBM 195 Extra"]
[Source "ChessBase"]
[SourceDate "2020.05.31"]
[SourceVersion "1"]
[SourceVersionDate "2020.05.31"]
[SourceQuality "1"]

1. d4 e6 2. Nc3 f5 3. Bf4 Nf6 4. Nb5 d6 5. Nf3 c6 6. Nc3 d5 7. e3 Bd6 8. Bg3 0-0 9. Be2 Qe7 10. Qd2 Bd7 11. h4 Be8 12. Bxd6 Qxd6 13. Ne5 Nbd7 14. h5 Nxe5 15. dxe5 Qxe5 16. 0-0-0 b5 17. f4 Qd6 18. h6 g6 19. Rdf1 b4 20. Nd1 c5 21. g4 Ne4 22. Qe1 c4 23. Nf2 c3 24. Nxe4 cxb2+ 25. Kb1 dxe4 26. gxf5 exf5 27. Rhg1 Bf7 28. Qd1 Rfd8 29. Qxd6 Rxd6 30. Kxb2 a5 31. Rd1 Rad8 32. Rxd6 Rxd6 33. c4 Rd2+ 34. Kb3 Rxe2 35. Ka4 Bxc4 36. Rc1 Rxa2# 0-1

[Event "GER-ch Net blitz qual4"]
[Site "Playchess.com INT"]
[Date "2020.03.23"]
[Round "8"]
[White "Lantzsch, Christian"]
[Black "Lutter, Maximilian"]
[Result "1/2-1/2"]
[WhiteElo "2178"]
[BlackElo "1950"]
[PlyCount "171"]
[EventDate "2020.03.23"]
[EventType "swiss (blitz)"]
[EventRounds "9"]
[EventCountry "GER"]
[SourceTitle "CBM 195 Extra"]
[Source "ChessBase"]
[SourceDate "2020.05.31"]
[SourceVersion "1"]
[SourceVersionDate "2020.05.31"]
[SourceQuality "1"]

1. e4 e5 2. d4 exd4 3. Qxd4 Nc6 4. Qe3 Nf6 5. Nc3 Bb4 6. Bd2 0-0 7. 0-0-0 Re8 8. Qg3 Nxe4 9. Nxe4 Rxe4 10. c3 Bf8 11. Bd3 Re8 12. Nf3 g6 13. h4 d5 14. h5 Qf6 15. Bg5 Qg7 16. Qh4 Ne5 17. h6 Nxd3+ 18. Rxd3 Qh8 19. Bf6 Bxh6+ 20. Qxh6 Qxf6 21. Qxh7+ Kf8 22. Qh8+ Qxh8 23. Rxh8+ Ke7 24. Re3+ Be6 25. Rh1 Rh8 26. Rd1 Kd6 27. Ng5 Rae8 28. Ne4+ Ke7 29. Nc5 b6 30. Nxe6 fxe6 31. Rxd5 Rh2 32. Rg5 Kf6 33. Rg4 Rh1+ 34. Kc2 e5 35. Rf3+ Kg7 36. Rd3 Re7 37. Rdg3 Re6 38. Rd3 Re7 39. Re4 Rh2 40. Rg3 Rh1 41. a4 Rf1 42. Rf3 Rg1 43. Rg4 Re1 44. Kd2 Rb1 45. Kc2 Re1 46. Rfg3 Re6 47. Kb3 Re2 48. Rf3 e4 49. Rff4 e3 50. fxe3 R2xe3 51. Rd4 Re7 52. Rd8 R3e6 53. Ra8 a5 54. Rd8 Rf6 55. Rh4 Rfe6 56. Rhh8 Kf6 57. Rhf8+ Kg5 58. Rd5+ Re5 59. Rxe5+ Rxe5 60. Rf7 Rc5 61. Kc2 Kg4 62. Kd3 g5 63. b4 axb4 64. cxb4 Rc1 65. a5 bxa5 66. bxa5 Ra1 67. Rxc7 Rxa5 68. Rg7 Kg3 69. Ke3 g4 70. Ke4 Ra4+ 71. Kf5 Rf4+ 72. Ke5 Rf2 73. Rb7 Kxg2 74. Rb1 g3 75. Ke4 Rf8 76. Rb2+ Kh1 77. Rb1+ Kh2 78. Rb7 g2 79. Rh7+ Kg1 80. Rb7 Rg8 81. Kf3 Rf8+ 82. Kg3 Rg8+ 83. Kf3 Rf8+ 84. Kg3 Kh1 85. Rh7+ Kg1 86. Rb7 1/2-1/2

[Event "GER-ch Net blitz qual4"]
[Site "Playchess.com INT"]
[Date "2020.03.23"]
[Round "1"]
[White "Lutter, Maximilian"]
[Black "Noennig, Jakob"]
[Result "1-0"]
[WhiteElo "1950"]
[BlackElo "1442"]
[PlyCount "69"]
[EventDate "2020.03.23"]
[EventType "swiss (blitz)"]
[EventRounds "9"]
[EventCountry "GER"]
[SourceTitle "CBM 195 Extra"]
[Source "ChessBase"]
[SourceDate "2020.05.31"]
[SourceVersion "1"]
[SourceVersionDate "2020.05.31"]
[SourceQuality "1"]

1. e4 e5 2. Nf3 Nc6 3. Bc4 Bc5 4. c3 Nf6 5. d3 d6 6. h3 0-0 7. 0-0 a6 8. Nbd2 Be6 9. Qe2 Bxc4 10. Nxc4 b5 11. Ne3 Qe7 12. Nf5 Qd7 13. Bg5 Qd8 14. Nh2 h6 15. Bh4 Ne7 16. Bxf6 gxf6 17. Nxh6+ Kh8 18. Qh5 Kg7 19. Nf5+ Nxf5 20. Qg4+ Kh8 21. Qxf5 Rg8 22. Kh1 Rg5 23. Qf3 Qg8 24. Qxf6+ Qg7 25. Qxg7+ Rxg7 26. f4 Rag8 27. Ng4 exf4 28. Rxf4 Rh7 29. Raf1 Rgg7 30. d4 Bb6 31. Nf6 Rh5 32. Rf5 Rxf5 33. Rxf5 c6 34. Rh5+ Rh7 35. Rxh7# 1-0

[Event "GER-ch Net blitz qual4"]
[Site "Playchess.com INT"]
[Date "2020.03.23"]
[Round "4"]
[White "Lutter, Maximilian"]
[Black "Siedentopf, Daniel"]
[Result "0-1"]
[WhiteElo "1950"]
[BlackElo "2273"]
[PlyCount "34"]
[EventDate "2020.03.23"]
[EventType "swiss (blitz)"]
[EventRounds "9"]
[EventCountry "GER"]
[SourceTitle "CBM 195 Extra"]
[Source "ChessBase"]
[SourceDate "2020.05.31"]
[SourceVersion "1"]
[SourceVersionDate "2020.05.31"]
[SourceQuality "1"]

1. d4 Nf6 2. c4 e6 3. Nc3 Bb4 4. e3 0-0 5. Bd3 d5 6. Nf3 c5 7. 0-0 cxd4 8. exd4 dxc4 9. Bxc4 b6 10. Bg5 Bb7 11. a3 Bxc3 12. bxc3 Nbd7 13. Qe2 Rc8 14. Ne5 Qc7 15. Bxf6 Nxe5 16. Bxe5 Qxc4 17. Rac1 Qxe2 0-1

[Event "Regionalliga Nord-Ost 1819"]
[Site "Bayern"]
[Date "2018.12.16"]
[Round "4.6"]
[White "Lutter, Maximilian"]
[Black "Steimar, Miroslav"]
[Result "1/2-1/2"]
[WhiteElo "2037"]
[BlackElo "1843"]
[PlyCount "157"]
[EventDate "2018.10.21"]
[EventType "team-tourn"]
[EventRounds "9"]
[EventCountry "GER"]
[SourceTitle "EXT 2022"]
[Source "ChessBase"]
[SourceDate "2021.10.06"]
[SourceVersion "1"]
[SourceVersionDate "2021.10.06"]
[SourceQuality "1"]
[WhiteTeam "Nuernberg NT III"]
[BlackTeam "Windischeschenbach"]
[WhiteTeamCountry "GER"]
[BlackTeamCountry "GER"]

1. d4 c5 2. d5 d6 3. c4 e5 4. Nc3 f5 5. g3 Nf6 6. Bg2 Be7 7. e3 0-0 8. Nge2 Bd7 9. Qc2 Qc8 10. f4 e4 11. b3 a6 12. a4 a5 13. Bb2 Ng4 14. Qd2 Na6 15. h3 Nh6 16. Na2 Nb4 17. Nxb4 axb4 18. Qc2 Qe8 19. Kd2 Bf6 20. Bxf6 Rxf6 21. Rhg1 Qe7 22. Bh1 Re8 23. Rg2 Kh8 24. Rag1 Rg6 25. Rf2 b6 26. Qb2 Qf6 27. Qb1 Qe7 28. Rff1 Bc8 29. Qa1 Qf6 30. Qxf6 Rxf6 31. Ra1 Ba6 32. g4 Rf7 33. gxf5 Nxf5 34. Ng3 Nxg3 35. Rxg3 g6 36. h4 Rf5 37. Rg5 Kg7 38. Rag1 Rxg5 39. fxg5 Bc8 40. Ra1 Bf5 41. a5 bxa5 42. Rxa5 Re7 43. Ra6 Rd7 44. Ke2 Bg4+ 45. Ke1 Bf5 46. Ra8 Bg4 47. Bg2 h6 48. Ra6 hxg5 49. hxg5 Bf5 50. Kf2 Bg4 51. Ke1 Bf5 52. Kf2 Bg4 53. Ra1 Re7 54. Kg3 Be2 55. Bf1 Bf3 56. Bh3 Re5 57. Kf4 Re8 58. Ra7+ Kh8 59. Ra1 Rf8+ 60. Kg3 Be2 61. Bg4 Bd3 62. Ra6 Rd8 63. Bd1 Rd7 64. Ra2 Rf7 65. Rf2 Kg7 66. Rxf7+ Kxf7 67. Kf2 Ke7 68. Ke1 Kf7 69. Kd2 Bf1 70. Bc2 Bg2 71. Ke2 Bf3+ 72. Ke1 Kg7 73. Bd1 Bh5 74. Be2 Kf7 75. Kf2 Kg7 76. Ke1 Kf7 77. Bd1 Kg7 78. Bc2 Bf3 79. Kf2 1/2-1/2

[Event "Mittelfranken-chTB1 1718"]
[Site "Mittelfranken"]
[Date "2018.05.06"]
[Round "9.8"]
[White "Karataev, Phillip"]
[Black "Lutter, Maximilian"]
[Result "0-1"]
[WhiteElo "1753"]
[BlackElo "1940"]
[PlyCount "84"]
[EventDate "2017.10.08"]
[EventType "team-tourn"]
[EventRounds "9"]
[EventCountry "GER"]
[SourceTitle "EXT 2022"]
[Source "ChessBase"]
[SourceDate "2021.10.06"]
[SourceVersion "1"]
[SourceVersionDate "2021.10.06"]
[SourceQuality "1"]
[WhiteTeam "Erlangen SC III"]
[BlackTeam "Nuernberg Noris Tarrasch III"]
[WhiteTeamCountry "GER"]
[BlackTeamCountry "GER"]

1. c4 e5 2. Nc3 Bb4 3. Nd5 Be7 4. Nf3 Nc6 5. e3 e4 6. Nd4 Nxd4 7. exd4 Nf6 8. Nxe7 Qxe7 9. Be2 d5 10. b3 Bf5 11. a4 h5 12. a5 Qe6 13. Ba3 h4 14. 0-0 0-0-0 15. a6 b6 16. c5 Kb8 17. Rc1 h3 18. g3 Bg4 19. Bxg4 Qxg4 20. cxb6 cxb6 21. Be7 Qxd1 22. Rfxd1 Rd7 23. Bxf6 gxf6 24. Rc6 Rc8 25. Rxf6 Rc2 26. Rh6 Ra2 27. Rxh3 Rxa6 28. d3 Ra3 29. Rh4 Rxb3 30. dxe4 a5 31. Rh8+ Kb7 32. e5 a4 33. Ra1 Rb4 34. Rh6 Rxd4 35. h4 Rc4 36. Rb1 Rc6 37. Rxc6 Kxc6 38. h5 Rd8 39. Kg2 b5 40. f4 a3 41. h6 Kc5 42. h7 b4 0-1

[Event "Mittelfranken-chTB1 1718"]
[Site "Mittelfranken"]
[Date "2018.04.22"]
[Round "8.8"]
[White "Lutter, Maximilian"]
[Black "Christ, Helmut"]
[Result "1-0"]
[WhiteElo "1940"]
[BlackElo "1653"]
[PlyCount "89"]
[EventDate "2017.10.08"]
[EventType "team-tourn"]
[EventRounds "9"]
[EventCountry "GER"]
[SourceTitle "EXT 2022"]
[Source "ChessBase"]
[SourceDate "2021.10.06"]
[SourceVersion "1"]
[SourceVersionDate "2021.10.06"]
[SourceQuality "1"]
[WhiteTeam "Nuernberg Noris Tarrasch III"]
[BlackTeam "Bechhofen"]
[WhiteTeamCountry "GER"]
[BlackTeamCountry "GER"]

1. d4 Nf6 2. Nf3 d5 3. c4 e6 4. Nc3 c5 5. cxd5 cxd4 6. Qa4+ Bd7 7. Qxd4 exd5 8. Nxd5 Qa5+ 9. Nc3 Nc6 10. Qc4 Bb4 11. Bd2 Rc8 12. e3 Ne5 13. Qd4 Nxf3+ 14. gxf3 Qc5 15. Qxc5 Bxc5 16. Rg1 g6 17. Bd3 0-0 18. Ne4 Be7 19. Ke2 Rc7 20. Bc3 Nd5 21. Bd4 Rcc8 22. a3 Bc6 23. Rac1 Rfd8 24. b4 Ba4 25. Bb2 b6 26. Ba6 Rc7 27. Rxc7 Nxc7 28. Bc4 Bb5 29. Bxb5 Nxb5 30. Rc1 f5 31. Nd2 Rd7 32. Rc8+ Kf7 33. Nc4 Bf6 34. a4 Nc3+ 35. Bxc3 Bxc3 36. Rc6 Ke7 37. b5 Bg7 38. f4 Rd5 39. Rc7+ Rd7 40. Rc8 Ke6 41. f3 Kd5 42. Rc6 Ba1 43. Kd3 Bg7 44. e4+ fxe4+ 45. fxe4# 1-0

[Event "Nuremberg Zabo op 19th"]
[Site "Nuremberg"]
[Date "2017.09.17"]
[Round "4"]
[White "Lutter, Maximilian"]
[Black "Ruderer, Alexander"]
[Result "1-0"]
[WhiteElo "1908"]
[BlackElo "1594"]
[PlyCount "73"]
[EventDate "2017.09.15"]
[EventType "swiss"]
[EventRounds "5"]
[EventCountry "GER"]
[SourceTitle "EXT 2022"]
[Source "ChessBase"]
[SourceDate "2021.10.06"]
[SourceVersion "1"]
[SourceVersionDate "2021.10.06"]
[SourceQuality "1"]

1. d4 d5 2. c4 c6 3. Nf3 Nf6 4. e3 Bg4 5. Qb3 b6 6. Ne5 e6 7. Nxg4 Nxg4 8. f3 Nf6 9. Nc3 Nbd7 10. Bd2 Be7 11. cxd5 cxd5 12. Bd3 0-0 13. 0-0 Rc8 14. Ba6 Rc6 15. Rac1 Qa8 16. Nb5 Nb8 17. Nc7 Rxc7 18. Rxc7 Nxa6 19. Rxe7 Rc8 20. Qa3 Nc7 21. Rc1 Nb5 22. Rxc8+ Qxc8 23. Qd3 a6 24. a4 Kf8 25. axb5 Kxe7 26. bxa6 Nd7 27. a7 Qa8 28. Bb4+ Kd8 29. Qa6 Kc7 30. Be7 f6 31. b4 e5 32. b5 e4 33. Qa3 Kb7 34. Qa6+ Kc7 35. Qa2 f5 36. Qc2+ Kb7 37. Qc6+ 1-0

[Event "Nuremberg Zabo op 19th"]
[Site "Nuremberg"]
[Date "2017.09.16"]
[Round "3"]
[White "Reichel, Rolf"]
[Black "Lutter, Maximilian"]
[Result "1/2-1/2"]
[WhiteElo "1633"]
[BlackElo "1908"]
[PlyCount "76"]
[EventDate "2017.09.15"]
[EventType "swiss"]
[EventRounds "5"]
[EventCountry "GER"]
[SourceTitle "EXT 2022"]
[Source "ChessBase"]
[SourceDate "2021.10.06"]
[SourceVersion "1"]
[SourceVersionDate "2021.10.06"]
[SourceQuality "1"]

1. e4 c6 2. d4 d5 3. exd5 cxd5 4. c4 Nf6 5. Nf3 Nc6 6. c5 g6 7. Bb5 Bg7 8. 0-0 0-0 9. Nc3 Bg4 10. Be2 Ne4 11. Be3 Nxc3 12. bxc3 b6 13. cxb6 axb6 14. h3 Bf5 15. g4 Bc8 16. Qd2 Ba6 17. Bxa6 Rxa6 18. Bf4 Qd7 19. Rfe1 Rc8 20. Qd3 Ra3 21. Rab1 Na5 22. Bd2 Nc4 23. Bc1 Ra4 24. Rb4 e6 25. Nd2 Bf8 26. Rxa4 Qxa4 27. Nxc4 Rxc4 28. f4 Ba3 29. f5 Bxc1 30. Rxc1 Qxa2 31. fxe6 fxe6 32. Qe3 Rc6 33. Qe5 Qa7 34. Rf1 Qc7 35. Qf6 Qg3+ 36. Kh1 Qxh3+ 37. Kg1 Qg3+ 38. Kh1 Qh3+ 1/2-1/2

[Event "Nuremberg Zabo op 19th"]
[Site "Nuremberg"]
[Date "2017.09.15"]
[Round "1"]
[White "Hofmann, Tim"]
[Black "Lutter, Maximilian"]
[Result "0-1"]
[WhiteElo "1434"]
[BlackElo "1908"]
[PlyCount "30"]
[EventDate "2017.09.15"]
[EventType "swiss"]
[EventRounds "5"]
[EventCountry "GER"]
[SourceTitle "EXT 2022"]
[Source "ChessBase"]
[SourceDate "2021.10.06"]
[SourceVersion "1"]
[SourceVersionDate "2021.10.06"]
[SourceQuality "1"]

1. d4 d6 2. Nf3 g6 3. Bf4 Bg7 4. e3 Nd7 5. Be2 e5 6. Bg3 Nh6 7. c3 Nf5 8. Nbd2 0-0 9. h4 Nxg3 10. fxg3 exd4 11. exd4 Nf6 12. Qc2 Bf5 13. Bd3 Qe7+ 14. Kd1 Ng4 15. Nf1 Bxd3 0-1